LEADER 00823nac0-22002891i-450- 001 990007046560403321 005 20020214 035 $a000704656 035 $aFED01000704656 035 $a(Aleph)000704656FED01 035 $a000704656 100 $a20020214d1961----km-y0itay50------ba 101 0 $aita 102 $aIT 105 $ay-------001yy 200 1 $a<>Difesa sociale$fFilippo Gramatica 210 $a[S.l.$cs.n.]$d1961$gTipografia della Scuola Ufficiali Carabinieri 215 $aP. 817-822$d24 cm 300 $aEstratto da: , anno 1961, n. 4 676 $a345$v20$zita 700 1$aGramatica,$bFilippo 801 0$aIT$bUNINA$gRICA$2UNIMARC 901 $aBK 912 $a990007046560403321 952 $aBUSTA 5[16] 6$b66834$fFGBC 959 $aFGBC 997 $aUNINA